[Event "GER-chA Seniors 27th"]
[Site "Magdeburg"]
[Date "2015.08.19"]
[Round "5"]
[White "Haase, Wolfgang"]
[Black "Schmidt, Gerhard"]
[Result "1/2-1/2"]
[WhiteElo "2101"]
[BlackElo "2216"]
[PlyCount "79"]
[EventDate "2015.08.15"]
[EventType "swiss"]
[EventRounds "9"]
[EventCountry "GER"]
[SourceTitle "EXT 2018"]
[Source "ChessBase"]
[SourceDate "2017.10.13"]
[SourceVersion "1"]
[SourceVersionDate "2017.10.13"]
[SourceQuality "1"]

1. e4 c5 2. c3 e5 3. Nf3 Nc6 4. Bc4 Qc7 5. 0-0 Nf6 6. d3 Be7 7. a4 0-0 8. Na3 d6 9. h3 Be6 10. Bxe6 fxe6 11. Ng5 Qd7 12. f4 exf4 13. Bxf4 h6 14. Nf3 Nxe4 15. Bh2 Ng5 16. Nc4 Nxf3+ 17. Rxf3 d5 18. Ne5 Nxe5 19. Bxe5 Rxf3 20. Qxf3 Bd6 21. Qg3 Bxe5 22. Qxe5 Rf8 23. Re1 Rf6 24. Qb8+ Kh7 25. Qxa7 Qc7 26. Rf1 Rxf1+ 27. Kxf1 Qf4+ 28. Ke2 d4 29. cxd4 cxd4 30. Qxb7 Qe3+ 31. Kd1 Qxd3+ 32. Kc1 Qc4+ 33. Kd2 d3 34. Ke3 e5 35. Qb5 Qd4+ 36. Kd2 e4 37. Qf5+ Kg8 38. Qc8+ Kf7 39. Qc7+ Kf6 40. Qc3 1/2-1/2

[Event "EU-chT Seniors"]
[Site "Vienna"]
[Date "2015.07.19"]
[Round "8.10"]
[White "Haase, Wolfgang"]
[Black "Teichmeister, Sven"]
[Result "1/2-1/2"]
[WhiteElo "2088"]
[BlackElo "2030"]
[PlyCount "24"]
[EventDate "2015.07.12"]
[EventType "team-swiss"]
[EventRounds "9"]
[EventCountry "AUT"]
[SourceTitle "EXT 2018"]
[Source "ChessBase"]
[SourceDate "2017.10.13"]
[SourceVersion "1"]
[SourceVersionDate "2017.10.13"]
[SourceQuality "1"]
[WhiteTeam "Hessen II"]
[BlackTeam "Wien"]
[WhiteTeamCountry "GER"]
[BlackTeamCountry "AUT"]

1. e4 c5 2. Nf3 g6 3. c3 Bg7 4. d4 cxd4 5. cxd4 d5 6. exd5 Nf6 7. Qa4+ Nbd7 8. Nc3 0-0 9. d6 exd6 10. Be2 Nb6 11. Qd1 Be6 12. 0-0 Bc4 1/2-1/2

[Event "EU-chT Seniors"]
[Site "Vienna"]
[Date "2015.07.15"]
[Round "4.20"]
[White "Haase, Wolfgang"]
[Black "Ristoja, Aulikki"]
[Result "1-0"]
[WhiteElo "2088"]
[BlackElo "1637"]
[PlyCount "93"]
[EventDate "2015.07.12"]
[EventType "team-swiss"]
[EventRounds "9"]
[EventCountry "AUT"]
[SourceTitle "EXT 2018"]
[Source "ChessBase"]
[SourceDate "2017.10.13"]
[SourceVersion "1"]
[SourceVersionDate "2017.10.13"]
[SourceQuality "1"]
[WhiteTeam "Hessen II"]
[BlackTeam "Helsinki"]
[WhiteTeamCountry "GER"]
[BlackTeamCountry "FIN"]

1. e4 d5 2. exd5 Qxd5 3. Nc3 Qa5 4. d4 Nf6 5. Bc4 Bf5 6. Nf3 e6 7. 0-0 c6 8. Qe2 Be7 9. Bg5 0-0 10. Rfe1 Bg4 11. Ne4 Qd8 12. Rad1 Nd5 13. Bc1 Nd7 14. h3 Bxf3 15. Qxf3 N7f6 16. Nc5 Qb6 17. Nb3 a5 18. c3 a4 19. Nd2 Qc7 20. Nf1 b5 21. Bd3 Rfd8 22. g4 g6 23. Ng3 Rd7 24. g5 Ne8 25. Ne4 Qd8 26. h4 Ng7 27. Ng3 a3 28. Bb1 axb2 29. Bxb2 Rda7 30. Bc1 Bd6 31. Ne4 Be7 32. Qg4 Nf5 33. h5 b4 34. hxg6 fxg6 35. c4 Nc3 36. Nxc3 bxc3 37. Rxe6 Qb6 38. Bxf5 gxf5 39. Qxf5 Rf8 40. Qe4 Rf7 41. Rxc6 Qa5 42. g6 hxg6 43. Rxg6+ Rg7 44. Rd3 Qb4 45. Qe6+ Kf8 46. Rxg7 Kxg7 47. Rg3+ 1-0

[Event "EU-chT Seniors"]
[Site "Vienna"]
[Date "2015.07.13"]
[Round "2.14"]
[White "Haase, Wolfgang"]
[Black "Ozmen, Halil Nejat"]
[Result "1/2-1/2"]
[WhiteElo "2088"]
[BlackElo "1887"]
[PlyCount "70"]
[EventDate "2015.07.12"]
[EventType "team-swiss"]
[EventRounds "9"]
[EventCountry "AUT"]
[SourceTitle "EXT 2018"]
[Source "ChessBase"]
[SourceDate "2017.10.13"]
[SourceVersion "1"]
[SourceVersionDate "2017.10.13"]
[SourceQuality "1"]
[WhiteTeam "Hessen II"]
[BlackTeam "Turkey"]
[WhiteTeamCountry "GER"]
[BlackTeamCountry "TUR"]

1. e4 c5 2. c3 Nf6 3. e5 Nd5 4. d4 cxd4 5. Nf3 Nc6 6. cxd4 e6 7. Bc4 Nb6 8. Bb3 d6 9. exd6 Bxd6 10. Nc3 0-0 11. 0-0 Nb4 12. Ne4 Be7 13. Bd2 N4d5 14. Ba5 Bb4 15. Bxb4 Nxb4 16. Qd2 N4d5 17. a4 a5 18. Rfc1 Nb4 19. Ne5 N6d5 20. Nc3 b6 21. Bc4 Bb7 22. Bb5 Qh4 23. g3 Qe7 24. Nxd5 Nxd5 25. Bc6 Rac8 26. Bxb7 Qxb7 27. Rxc8 Rxc8 28. Rc1 f6 29. Nd3 Rc6 30. b3 Qc8 31. Rxc6 Qxc6 32. f3 Kf7 33. Kf2 b5 34. axb5 Qxb5 35. Nc5 Qb6 1/2-1/2

[Event "Hessen-ch Seniors op 11th"]
[Site "Bad Sooden-Allendorf"]
[Date "2015.05.16"]
[Round "8"]
[White "Haase, Wolfgang"]
[Black "Lutz, Albert"]
[Result "1/2-1/2"]
[WhiteElo "2069"]
[BlackElo "2206"]
[PlyCount "121"]
[EventDate "2015.05.09"]
[EventType "swiss"]
[EventRounds "9"]
[EventCountry "GER"]
[SourceTitle "EXT 2018"]
[Source "ChessBase"]
[SourceDate "2017.10.13"]
[SourceVersion "1"]
[SourceVersionDate "2017.10.13"]
[SourceQuality "1"]

1. c4 c6 2. e4 d5 3. exd5 cxd5 4. cxd5 Nf6 5. Qa4+ Bd7 6. Qb3 Qb6 7. Bc4 Na6 8. Nf3 Qxb3 9. axb3 Nb4 10. Na3 Nfxd5 11. Ne5 a6 12. 0-0 e6 13. d4 Be7 14. Bd2 Rc8 15. Rac1 f6 16. Nxd7 Kxd7 17. Nb1 b5 18. Bxd5 Nxd5 19. Nc3 Nb4 20. Rfd1 Rc6 21. Be3 Rhc8 22. Kf1 Bd6 23. Ke2 f5 24. g3 Nd5 25. Nxd5 exd5 26. Rxc6 Rxc6 27. Kd3 Bc7 28. Bd2 Rf6 29. f3 h6 30. Re1 g5 31. Bb4 Bd8 32. Re5 Kc6 33. Be7 Bxe7 34. Rxe7 Kb6 35. Rd7 Ka5 36. Rxd5 Kb4 37. Rc5 Kxb3 38. d5 f4 39. g4 Rf8 40. Rc6 a5 41. Rc5 Kb4 42. Rc6 a4 43. d6 Kb3 44. Rb6 b4 45. Kd4 a3 46. bxa3 Kxa3 47. d7 Rd8 48. Rb7 Kb3 49. Kd3 Ra8 50. Rc7 Rd8 51. Kd4 Ka2 52. Kc4 b3 53. Ra7+ Kb2 54. Kd5 Kc2 55. Rc7+ Kd2 56. Ke6 b2 57. Rb7 Kc2 58. Rc7+ Kd3 59. Rb7 Kc2 60. Rc7+ Kd3 61. Rb7 1/2-1/2

[Event "Hessen-ch Seniors op 11th"]
[Site "Bad Sooden-Allendorf"]
[Date "2015.05.15"]
[Round "7"]
[White "Wolf, Reinhard"]
[Black "Haase, Wolfgang"]
[Result "0-1"]
[WhiteElo "1945"]
[BlackElo "2069"]
[PlyCount "68"]
[EventDate "2015.05.09"]
[EventType "swiss"]
[EventRounds "9"]
[EventCountry "GER"]
[SourceTitle "EXT 2018"]
[Source "ChessBase"]
[SourceDate "2017.10.13"]
[SourceVersion "1"]
[SourceVersionDate "2017.10.13"]
[SourceQuality "1"]

1. e4 c5 2. Nf3 g6 3. c3 Bg7 4. d4 Qc7 5. Be3 d6 6. Nbd2 Nd7 7. Be2 Ngf6 8. h3 0-0 9. 0-0 a6 10. a4 b6 11. Nh2 e5 12. f4 Bb7 13. Bf3 Bh6 14. g3 d5 15. Ng4 Nxg4 16. Bxg4 dxe4 17. Bxd7 Qxd7 18. dxe5 Qxh3 19. Qe1 b5 20. Qf2 Rfd8 21. Nb3 Bf8 22. axb5 axb5 23. Qg2 Qc8 24. Qf2 Rd3 25. Rxa8 Bxa8 26. Kh2 Qg4 27. Nc1 c4 28. Ne2 b4 29. Ra1 Bd5 30. Re1 Be6 31. Ng1 bxc3 32. bxc3 Rxc3 33. Bd2 Rc2 34. Qe2 c3 0-1

[Event "Hessen-ch Seniors op 11th"]
[Site "Bad Sooden-Allendorf"]
[Date "2015.05.09"]
[Round "1"]
[White "Strozewski, Guenter"]
[Black "Haase, Wolfgang"]
[Result "0-1"]
[WhiteElo "1807"]
[BlackElo "2069"]
[PlyCount "51"]
[EventDate "2015.05.09"]
[EventType "swiss"]
[EventRounds "9"]
[EventCountry "GER"]
[SourceTitle "EXT 2018"]
[Source "ChessBase"]
[SourceDate "2017.10.13"]
[SourceVersion "1"]
[SourceVersionDate "2017.10.13"]
[SourceQuality "1"]

1. e4 c5 2. Nf3 g6 3. c3 Bg7 4. Bc4 Qc7 5. d4 cxd4 6. Qb3 e6 7. cxd4 b5 8. Nbd2 bxc4 9. Nxc4 Ba6 10. Nce5 Ne7 11. Bf4 Qb7 12. Qc2 Nbc6 13. Nc4 0-0 14. 0-0 Bxc4 15. Qxc4 d5 16. exd5 Nxd5 17. Bd6 Rfd8 18. Bc5 Rac8 19. b4 Nc7 20. Rab1 Nb5 21. Rfd1 Na3 22. Qd3 Nxb1 23. Rxb1 Nxd4 24. Nxd4 Bxd4 25. Bxd4 Qd5 26. Rd1 0-1